| Поле | Инд. | ПП | Название | Значение |
|---|---|---|---|---|
| Тип записи | a | |||
| Библиографический уровень | b | |||
| 001 | Контрольный номер | DU/573734200 | ||
| 005 | Дата корректировки | 20200630193134.4 | ||
| 008 | Кодируемые данные | 20170109 | ||
| 040 | b | Код языка каталог. | rus | |
| e | Правила каталог. | PSBO | ||
| 041 | 0_ | a | Код языка текста | rus |
| 084 | a | Индекс другой классификации/Индекс ББК | 60.561.1; 66.033.141 | |
| 100 | 1_ | a | Автор | Климовицкий С. В. |
| q | Полное имя | Климовицкий Сергей Вениаминович | ||
| 100 | 1_ | a | Автор | Карепова С. Г. |
| q | Полное имя | Карепова Светлана Геннадьевна | ||
| 245 | 10 | a | Заглавие | Трансформация государственного управления: новые теоретические перспективы |
| 504 | a | Библиография | Библиогр. ссылки. - Примеч. | |
| 520 | 0_ | a | Аннотация | Данная статья посвящена изучению новых теоретических перспектив государственного управления - нового подхода к государственному управлению и нового государственного менеджента. Авторы выявляют особенности этих перспектив в сравнении с прежней бюрократической моделью, проводят их критический анализ и указывают на существующзие теоретические проблемы |
| 650 | 14 | a | Основная рубрика | политика |
| a | Основная рубрика | политология | ||
| a | Основная рубрика | социология | ||
| a | Основная рубрика | социология управления | ||
| 653 | 1_ | a | Ключевые слова | государственная бюрократия |
| a | Ключевые слова | государственное управление | ||
| a | Ключевые слова | государственный менеджмент | ||
| a | Ключевые слова | модель управления | ||
| a | Ключевые слова | политические реформы | ||
| a | Ключевые слова | Россия | ||
| 773 | 08 | t | Заглавие источника | Социально-гуманитарные знания |
| d | Дата издания источника | 2016 | ||
| g | Прочая информация | № 6. - С. 186 - 199 : табл. | ||
| w | Контрольный № источника | DU/537551405 | ||
| 901 | t | Тип документа | b |